000 00996nam a22002537a 4500
999 _c162647
_d162647
005 20190318155622.0
010 _a1819HN15
020 _c575.00
_a9789380337098
037 _bममता प्रकाशन
082 _a
_bयात्रीसे
100 _aयात्री, से.रा.
245 _aसमर्थ की सीमाएं /
_cसे.रा.यात्री
246 _aSamarth ki simayen
_bby Se.Ra.Yatri
260 _aदिल्ली
_bममता प्रकाशन
_c2019
270 _aई-5/13, लाजपतराय चौक कृषण नगर
_bदिल्ली
_e110051
300 _a190पृष्ठ.
_c21सेमी(सजिल्द)
500 _aAIRPORT
650 _aहिंदी साहित्य
650 _aहिंदी उपन्यास
650 _ahindi Literature
650 _aHindi novel
700 _a
_978385
942 _2ddc
_cHN
_h
_mयात्रीसे